A Declaration from the City of Bristoll by the maior, aldermen, sheriffes and others of the city : declaring their resolution and fidelity to the Parliament and their designes : also a petition from M. Maioresse, M. Holworth and 200 of the best citizens wives in Bristoll to the maior and common councell of the city for admitting the Parliaments forces into their city and many other things worthy of observation : sent from M. John Ball in Bristoll to M. James Nicolls, a merchant in Fanchurch-street London.

Bibliographic Details
Format: eBook
Language:English
Published: London : Printed for Joseph Matthewes, and John Nicolls ..., Decemb. 23, 1642.
Series:Early English books online.
Subjects:
Online Access:Connect to the full text of this electronic book

MARC

Tag First Indicator Second Indicator Subfields
LEADER 00000nam a2200000Ia 4500
001 in00004269697
005 20200810073444.0
006 m g d
007 cr bn |||a|bb|
008 850715s1642 enk o 00| | eng d
035 |a (OCoLC)12264174 
040 |a EAA  |c EAA  |d m/c  |d UMI  |d WaOLN 
037 |a CL0037000007  |b ProQuest Information and Learning. 300 N. Zeeb Rd., Ann Arbor, MI 48106 
049 |a UMIA 
245 0 2 |a A Declaration from the City of Bristoll by the maior, aldermen, sheriffes and others of the city :  |b declaring their resolution and fidelity to the Parliament and their designes : also a petition from M. Maioresse, M. Holworth and 200 of the best citizens wives in Bristoll to the maior and common councell of the city for admitting the Parliaments forces into their city and many other things worthy of observation : sent from M. John Ball in Bristoll to M. James Nicolls, a merchant in Fanchurch-street London. 
260 |a London :  |b Printed for Joseph Matthewes, and John Nicolls ...,  |c Decemb. 23, 1642. 
300 |a 1 online resource ([2], 6 pages) 
336 |a text  |b txt  |2 rdacontent 
337 |a computer  |b c  |2 rdamedia 
338 |a online resource  |b cr  |2 rdacarrier 
500 |a Reproduction of original in Thomason Collection, British Library. 
510 4 |a Wing  |c D589 
533 |a Electronic reproduction.  |b Ann Arbor, Mich. :  |c UMI,  |d 1999-  |f (Early English books online)  |n Digital version of: (Early English books, 1641-1700 ; 242:E83, no 13)  |7 s1999 miun s 
600 1 0 |a Ball, John,  |d 17th cent. 
600 1 0 |a Nicolls, James,  |d 17th cent. 
651 0 |a Bristol (England)  |x History  |v Sources. 
830 0 |a Early English books online. 
856 4 0 |u http://proxy.library.tamu.edu/login?url=https://search.proquest.com/docview/2240975437  |z Connect to the full text of this electronic book  |t 0 
999 f f |s d419a15f-6fe4-3a95-82d8-8e499bde8bb2  |i 250bbc1d-beab-323c-bf35-a73f2692488d  |t 0 
952 f f |a Texas A&M University  |b College Station  |c Electronic Resources  |d Available Online  |t 0  |h No information provided 
998 f f |t 0  |l Available Online